[Event "Regionalliga NW 1314"]
[Site "Bayern"]
[Date "2013.11.10"]
[Round "2.8"]
[White "Klueber, Werner"]
[Black "Schurig, Wilhelm"]
[Result "1/2-1/2"]
[WhiteElo "1766"]
[BlackElo "1796"]
[PlyCount "52"]
[EventDate "2013.10.13"]
[EventType "team-tourn"]
[EventRounds "9"]
[EventCountry "GER"]
[SourceTitle "EXT 2015"]
[Source "ChessBase"]
[SourceDate "2014.11.20"]
[SourceVersion "1"]
[SourceVersionDate "2014.11.20"]
[SourceQuality "1"]
[WhiteTeam "Prichsenstadt"]
[BlackTeam "Thiersheim"]
[WhiteTeamCountry "GER"]
[BlackTeamCountry "GER"]

1. d4 g6 2. c4 d6 3. Nc3 Bg7 4. e4 a6 5. Nf3 Bg4 6. Be2 Nc6 7. Be3 e5 8. d5 Bxf3 9. Bxf3 Nd4 10. 0-0 Nxf3+ 11. Qxf3 Nf6 12. Qe2 0-0 13. Rab1 Nd7 14. Qc2 f5 15. f3 Rc8 16. b4 c6 17. Qb3 Kh8 18. a4 cxd5 19. Nxd5 fxe4 20. fxe4 Qh4 21. Qd3 Rxf1+ 22. Rxf1 Rf8 23. Rxf8+ Nxf8 24. Bf2 Qg4 25. h3 Qg5 26. Qe3 Ne6 1/2-1/2

[Event "Schweinfurt op 23rd"]
[Site "Schweinfurt"]
[Date "2013.06.02"]
[Round "7"]
[White "Klueber, Werner"]
[Black "Wolf, Pablo"]
[Result "1-0"]
[WhiteElo "1958"]
[BlackElo "1506"]
[PlyCount "109"]
[EventDate "2013.05.30"]
[EventType "swiss"]
[EventRounds "7"]
[EventCountry "GER"]
[SourceTitle "CBM 154 Extra"]
[Source "ChessBase"]
[SourceDate "2013.06.25"]
[SourceVersion "2"]
[SourceVersionDate "2013.06.25"]
[SourceQuality "1"]

1. d4 d5 2. c4 e6 3. Nc3 Nf6 4. Nf3 Bb4 5. a3 Bxc3+ 6. bxc3 c5 7. cxd5 Nxd5 8. Qc2 cxd4 9. cxd4 Nc6 10. e3 Bd7 11. Bd2 Rc8 12. Qb2 Nc7 13. Bd3 0-0 14. 0-0 b6 15. Rfc1 Re8 16. Rc2 Ne7 17. e4 Ba4 18. Rc3 f6 19. Rac1 Qd7 20. Bc2 Bxc2 21. R1xc2 Na6 22. Be3 Rxc3 23. Rxc3 Rc8 24. Rxc8+ Qxc8 25. h3 Qc6 26. Nd2 Nc7 27. f3 Qb5 28. Qc3 Qc6 29. Qb4 Ng6 30. Qc4 Qd6 31. Qb3 Qg3 32. Nf1 Qe1 33. Qc4 Ne8 34. Qxe6+ Kf8 35. Bd2 Nf4 36. Qxe8+ Kxe8 37. Bxe1 Ne2+ 38. Kf2 Nxd4 39. Bc3 Nb5 40. Bb2 Nd6 41. Nd2 Ke7 42. g3 g5 43. Bc3 Ke6 44. Ke3 f5 45. e5 Nf7 46. f4 gxf4+ 47. gxf4 Nd8 48. Nf3 h6 49. Nd4+ Kf7 50. Nxf5 Kg6 51. Ke4 Nb7 52. Bb4 a5 53. Bf8 Kf7 54. Nd6+ Nxd6+ 55. Bxd6 1-0

[Event "Schweinfurt op 23rd"]
[Site "Schweinfurt"]
[Date "2013.05.31"]
[Round "3"]
[White "Klueber, Werner"]
[Black "Roth, Jakob"]
[Result "1/2-1/2"]
[WhiteElo "1958"]
[BlackElo "1582"]
[PlyCount "39"]
[EventDate "2013.05.30"]
[EventType "swiss"]
[EventRounds "7"]
[EventCountry "GER"]
[SourceTitle "CBM 154 Extra"]
[Source "ChessBase"]
[SourceDate "2013.06.25"]
[SourceVersion "2"]
[SourceVersionDate "2013.06.25"]
[SourceQuality "1"]

1. Nf3 c6 2. d4 d5 3. g3 Nf6 4. Bg2 Bf5 5. 0-0 e6 6. b3 Bd6 7. Bb2 Nbd7 8. Nbd2 0-0 9. Rc1 Qe7 10. a4 e5 11. dxe5 Nxe5 12. Nd4 Bg6 13. Re1 Neg4 14. e3 h5 15. Qe2 Qc7 16. c4 dxc4 17. Nxc4 Ne5 18. Red1 Nxc4 19. Qxc4 Rac8 20. Nf3 1/2-1/2

[Event "Schweinfurt op 23rd"]
[Site "Schweinfurt"]
[Date "2013.05.30"]
[Round "2"]
[White "Memmel, Stefan"]
[Black "Klueber, Werner"]
[Result "0-1"]
[WhiteElo "1278"]
[BlackElo "1958"]
[PlyCount "118"]
[EventDate "2013.05.30"]
[EventType "swiss"]
[EventRounds "7"]
[EventCountry "GER"]
[SourceTitle "CBM 154 Extra"]
[Source "ChessBase"]
[SourceDate "2013.06.25"]
[SourceVersion "2"]
[SourceVersionDate "2013.06.25"]
[SourceQuality "1"]

1. e4 g6 2. d4 Bg7 3. Nf3 d6 4. Bc4 Nf6 5. Nbd2 0-0 6. 0-0 c6 7. Re1 Nbd7 8. a3 e5 9. Nb3 Qc7 10. dxe5 Nxe5 11. Bd3 Bg4 12. Nbd2 Rad8 13. b3 Rfe8 14. Bb2 Nfd7 15. Rb1 Nc5 16. Be2 Nxf3+ 17. Bxf3 Bxf3 18. Qxf3 Bxb2 19. Rxb2 d5 20. Rbb1 dxe4 21. Nxe4 Nxe4 22. Rxe4 Rxe4 23. Qxe4 Qd6 24. Qe1 Qxa3 25. f3 Qc5+ 26. Qf2 Qxf2+ 27. Kxf2 Rd2+ 28. Kf1 Rxc2 29. Rd1 Rb2 30. Rd3 Kg7 31. h4 c5 32. Rc3 b6 33. g3 h5 34. f4 a5 35. Ke1 Ra2 36. Kd1 a4 37. Kc1 a3 38. Kb1 Rb2+ 39. Kc1 Kf6 40. Re3 Rg2 41. Kb1 Rb2+ 42. Kc1 b5 43. Rc3 b4 44. Re3 Rg2 45. Kb1 Rd2 46. Kc1 Rd4 47. Kb1 c4 48. bxc4 Rxc4 49. Rb3 Re4 50. Ka1 Ke6 51. Rd3 Rc4 52. Rb3 Kd5 53. Kb1 Re4 54. Ka2 Kc4 55. Rf3 Re2+ 56. Ka1 b3 57. Rf1 Kc3 58. Rc1+ Kd2 59. Rb1 Re1 0-1

[Event "Unterfranken-ch M2 62th"]
[Site "Gerolzhofen"]
[Date "2011.04.29"]
[Round "7"]
[White "Pfannes, Andreas"]
[Black "Klueber, Werner"]
[Result "1/2-1/2"]
[WhiteElo "1804"]
[BlackElo "1809"]
[PlyCount "48"]
[EventDate "2011.04.25"]
[EventType "swiss"]
[EventRounds "9"]
[EventCountry "GER"]
[SourceTitle "EXT 2015"]
[Source "ChessBase"]
[SourceDate "2014.11.20"]
[SourceVersion "1"]
[SourceVersionDate "2014.11.20"]
[SourceQuality "1"]

1. d4 d5 2. c4 e6 3. Nc3 Nf6 4. Bg5 Be7 5. Nf3 c6 6. e3 Nbd7 7. Rc1 0-0 8. Bd3 dxc4 9. Bxc4 b5 10. Bd3 Bb7 11. 0-0 a6 12. Qe2 h6 13. Bh4 Nd5 14. Bxe7 Qxe7 15. Nxd5 cxd5 16. Rc7 Rab8 17. Ne5 Rfd8 18. Rfc1 Qe8 19. f4 Nxe5 20. fxe5 Rd7 21. Kf2 Qd8 22. Rxd7 Qxd7 23. Rc5 Rc8 24. Qc2 Rc6 1/2-1/2

[Event "Unterfranken-ch M2 62th"]
[Site "Gerolzhofen"]
[Date "2011.04.26"]
[Round "3"]
[White "Schmitz, Wolfgang"]
[Black "Klueber, Werner"]
[Result "1/2-1/2"]
[WhiteElo "1843"]
[BlackElo "1809"]
[PlyCount "117"]
[EventDate "2011.04.25"]
[EventType "swiss"]
[EventRounds "9"]
[EventCountry "GER"]
[SourceTitle "EXT 2015"]
[Source "ChessBase"]
[SourceDate "2014.11.20"]
[SourceVersion "1"]
[SourceVersionDate "2014.11.20"]
[SourceQuality "1"]

1. e4 g6 2. d4 d6 3. Nf3 Bg7 4. c4 c5 5. dxc5 Qa5+ 6. Bd2 Qxc5 7. Bc3 Nf6 8. Be2 0-0 9. Nbd2 Bg4 10. 0-0 Nbd7 11. Rc1 Bxf3 12. Bxf3 Ne5 13. Nb3 Nxf3+ 14. Qxf3 Qh5 15. Qxh5 Nxh5 16. Bxg7 Kxg7 17. f4 Nf6 18. e5 dxe5 19. fxe5 Nd7 20. e6 fxe6 21. Nd4 Rxf1+ 22. Rxf1 e5 23. Ne6+ Kg8 24. Rd1 Nf6 25. c5 Kf7 26. Nd8+ Ke8 27. Nxb7 Rc8 28. Kf2 Rc7 29. Rd8+ Kf7 30. Rb8 Ne4+ 31. Ke3 Nxc5 32. Nxc5 Rxc5 33. Rb7 a5 34. g4 h6 35. h4 Kf6 36. b3 Rc1 37. Rb5 a4 38. bxa4 Rc3+ 39. Kd2 Ra3 40. Rb6+ e6 41. Rb4 h5 42. gxh5 gxh5 43. Kc2 Rxa2+ 44. Kb3 Ra1 45. Kb2 Rd1 46. a5 Rd8 47. a6 Ra8 48. Ra4 Kf5 49. Kc3 e4 50. Kd2 Kf4 51. Ke2 Ra7 52. Kf2 e5 53. Ke2 Kg3 54. Ke3 Kxh4 55. Kxe4 Kg3 56. Kxe5 h4 57. Ra3+ Kg2 58. Ra2+ Kg3 59. Ra3+ 1/2-1/2

[Event "Regionalliga NW 0910"]
[Site "Bayern"]
[Date "2010.04.11"]
[Round "9.7"]
[White "Klueber, Werner"]
[Black "Reissner, Andreas"]
[Result "0-1"]
[WhiteElo "1775"]
[BlackElo "1973"]
[PlyCount "130"]
[EventDate "2009.10.18"]
[EventType "team-tourn"]
[EventRounds "9"]
[EventCountry "GER"]
[SourceTitle "EXT 2011"]
[Source "ChessBase"]
[SourceDate "2010.11.26"]
[SourceVersion "1"]
[SourceVersionDate "2010.11.26"]
[SourceQuality "1"]
[WhiteTeam "Prichsenstadt"]
[BlackTeam "Marktleuthen"]
[WhiteTeamCountry "GER"]
[BlackTeamCountry "GER"]

1. d4 Nf6 2. c4 e6 3. Nc3 b6 4. Nf3 Bb7 5. g3 Bb4 6. a3 Bxc3+ 7. bxc3 d6 8. Bg2 Nbd7 9. 0-0 0-0 10. a4 a5 11. Ba3 Ne4 12. Qc2 f5 13. Rfd1 Rb8 14. Ne1 Qe8 15. f3 Nef6 16. Nd3 e5 17. dxe5 Nxe5 18. Nb2 Nfd7 19. Rd4 Ng6 20. Qd2 Nc5 21. Bxc5 bxc5 22. Rd3 Bc6 23. f4 Bxg2 24. Kxg2 Qe4+ 25. Kf2 Rfe8 26. Nd1 Qh1 27. h4 Nh8 28. Re3 Nf7 29. Qd5 Qh2+ 30. Qg2 Qxg2+ 31. Kxg2 Nh6 32. Kf3 Kf7 33. Rxe8 Kxe8 34. Ne3 Rb3 35. Nd1 Ng4 36. e4 g6 37. exf5 gxf5 38. Ra2 Rb1 39. Ne3 Nxe3 40. Kxe3 Rc1 41. Ra3 Kd7 42. Kf3 h5 43. Ke2 Rc2+ 44. Ke3 c6 45. Kf3 d5 46. cxd5 cxd5 47. Rb3 Kc6 48. Rb8 Rxc3+ 49. Kf2 c4 50. Rc8+ Kd6 51. Rh8 d4 52. Rxh5 Rc2+ 53. Ke1 Ke6 54. Rh8 d3 55. Rd8 Kf6 56. Rd6+ Kg7 57. Kd1 Ra2 58. Ke1 Rxa4 59. Kd2 Ra2+ 60. Ke3 a4 61. Kd4 Rc2 62. Ke5 a3 63. Kxf5 a2 64. Ra6 d2 65. Ra7+ Kf8 0-1

[Event "Unterfranken-ch M2 61th"]
[Site "Kitzingen"]
[Date "2010.04.10"]
[Round "9"]
[White "Hasselbacher, Uwe"]
[Black "Klueber, Werner"]
[Result "1/2-1/2"]
[WhiteElo "1851"]
[BlackElo "1800"]
[PlyCount "28"]
[EventDate "2010.04.05"]
[EventType "swiss"]
[EventRounds "9"]
[EventCountry "GER"]
[SourceTitle "EXT 2015"]
[Source "ChessBase"]
[SourceDate "2014.11.20"]
[SourceVersion "1"]
[SourceVersionDate "2014.11.20"]
[SourceQuality "1"]

1. c4 Nf6 2. d4 e6 3. Nc3 d5 4. Nf3 c6 5. e3 Bd6 6. Bd3 Nbd7 7. 0-0 0-0 8. e4 dxe4 9. Nxe4 Nxe4 10. Bxe4 Nf6 11. Bd3 b6 12. Bg5 Be7 13. Qe2 h6 14. Bf4 Bb7 1/2-1/2

[Event "Unterfranken-ch M2 61th"]
[Site "Kitzingen"]
[Date "2010.04.09"]
[Round "7"]
[White "Klueber, Werner"]
[Black "Feichtner, Thorsten"]
[Result "1-0"]
[WhiteElo "1800"]
[BlackElo "1724"]
[PlyCount "93"]
[EventDate "2010.04.05"]
[EventType "swiss"]
[EventRounds "9"]
[EventCountry "GER"]
[SourceTitle "EXT 2015"]
[Source "ChessBase"]
[SourceDate "2014.11.20"]
[SourceVersion "1"]
[SourceVersionDate "2014.11.20"]
[SourceQuality "1"]

1. c4 e5 2. Nc3 Nf6 3. g3 Bb4 4. Qc2 0-0 5. Bg2 c6 6. a3 Bxc3 7. Qxc3 Re8 8. d3 h6 9. Qc2 d5 10. e3 Bf5 11. e4 Bh7 12. Ne2 Nbd7 13. 0-0 Rc8 14. h3 Nc5 15. Nc3 dxc4 16. dxc4 Qd4 17. Ne2 Bxe4 18. Nxd4 Bxc2 19. Nxc2 Nb3 20. Rb1 Rcd8 21. Be3 Nd2 22. Bxd2 Rxd2 23. Ne3 Red8 24. Rfd1 Nh5 25. Rxd2 Rxd2 26. b3 g5 27. Ng4 f6 28. Nxh6+ Kg7 29. Ng4 Kf7 30. Ne3 Ke6 31. Bf3 Ng7 32. c5 f5 33. Rd1 Rxd1+ 34. Bxd1 f4 35. Bg4+ Kf6 36. Nc4 Ne6 37. Bxe6 Kxe6 38. Nd6 b6 39. cxb6 axb6 40. Nc4 b5 41. Nd2 c5 42. a4 bxa4 43. bxa4 Kd5 44. a5 e4 45. a6 e3 46. fxe3 fxe3 47. Nb1 1-0

[Event "Unterfranken-ch M2 61th"]
[Site "Kitzingen"]
[Date "2010.04.09"]
[Round "8"]
[White "Klueber, Werner"]
[Black "Link, Klaus"]
[Result "1/2-1/2"]
[WhiteElo "1800"]
[BlackElo "1918"]
[PlyCount "61"]
[EventDate "2010.04.05"]
[EventType "swiss"]
[EventRounds "9"]
[EventCountry "GER"]
[SourceTitle "EXT 2015"]
[Source "ChessBase"]
[SourceDate "2014.11.20"]
[SourceVersion "1"]
[SourceVersionDate "2014.11.20"]
[SourceQuality "1"]

1. d4 Nf6 2. c4 c5 3. d5 b5 4. cxb5 a6 5. b6 d6 6. Nc3 g6 7. e4 Bg7 8. Nf3 Nbd7 9. Qc2 Qxb6 10. h3 0-0 11. Be2 Qc7 12. 0-0 Ne8 13. Bg5 Ne5 14. Nxe5 Bxe5 15. Bh6 Ng7 16. Kh1 f5 17. exf5 Bxf5 18. Qd2 Rf7 19. Bd3 Bxd3 20. Qxd3 Nf5 21. Be3 Qb7 22. Rab1 Nxe3 23. fxe3 Rxf1+ 24. Qxf1 Bxc3 25. bxc3 Qxd5 26. Qf3 Qxf3 27. gxf3 Ra7 28. c4 Kf7 29. Kg2 Ke6 30. f4 d5 31. Rb6+ 1/2-1/2

[Event "Unterfranken-ch HB 59th"]
[Site "Rieneck"]
[Date "2008.03.28"]
[Round "8"]
[White "Link, Fabian"]
[Black "Klueber, Werner"]
[Result "1/2-1/2"]
[WhiteElo "1529"]
[BlackElo "1711"]
[PlyCount "65"]
[EventDate "2008.03.24"]
[EventType "swiss"]
[EventRounds "9"]
[EventCountry "GER"]
[SourceTitle "EXT 2015"]
[Source "ChessBase"]
[SourceDate "2014.11.20"]
[SourceVersion "1"]
[SourceVersionDate "2014.11.20"]
[SourceQuality "1"]

1. c4 Nf6 2. Nc3 d6 3. g3 g6 4. Bg2 Bg7 5. e3 0-0 6. Nge2 c6 7. 0-0 e5 8. d3 Be6 9. b3 Qd7 10. Bb2 Bh3 11. e4 Bxg2 12. Kxg2 Na6 13. a3 Ng4 14. h3 Nh6 15. b4 Nc7 16. Qd2 Rad8 17. Qe3 a6 18. Na4 Ne6 19. Nb6 Qc7 20. a4 f5 21. Nd5 cxd5 22. cxd5 Nd4 23. Nxd4 exd4 24. Bxd4 Bxd4 25. Qxd4 Qd7 26. f3 Rc8 27. Ra2 Nf7 28. f4 Qc7 29. Rf3 Qd7 30. Re3 Rfd8 31. Ree2 Nh6 32. Re1 Nf7 33. Re3 1/2-1/2

[Event "Unterfranken-ch HB 59th"]
[Site "Rieneck"]
[Date "2008.03.27"]
[Round "6"]
[White "Mueller, Roland1111"]
[Black "Klueber, Werner"]
[Result "1/2-1/2"]
[WhiteElo "1845"]
[BlackElo "1711"]
[PlyCount "46"]
[EventDate "2008.03.24"]
[EventType "swiss"]
[EventRounds "9"]
[EventCountry "GER"]
[SourceTitle "EXT 2015"]
[Source "ChessBase"]
[SourceDate "2014.11.20"]
[SourceVersion "1"]
[SourceVersionDate "2014.11.20"]
[SourceQuality "1"]

1. d4 d5 2. Nf3 Nf6 3. Bf4 g6 4. e3 Bg7 5. c4 c6 6. Nc3 0-0 7. Be2 Bg4 8. cxd5 Nxd5 9. Nxd5 cxd5 10. 0-0 Nc6 11. h3 Bd7 12. Qb3 Bc8 13. Rac1 e6 14. Rc5 Na5 15. Qa3 b6 16. Rc3 Re8 17. b4 Bf8 18. Qb2 Nc4 19. Bxc4 dxc4 20. b5 a6 21. Rb1 Qd5 22. Ne5 Bb7 23. f3 Rec8 1/2-1/2

[Event "Unterfranken-ch HB 59th"]
[Site "Rieneck"]
[Date "2008.03.25"]
[Round "2"]
[White "Bechold, Martin"]
[Black "Klueber, Werner"]
[Result "1/2-1/2"]
[WhiteElo "1550"]
[BlackElo "1711"]
[PlyCount "115"]
[EventDate "2008.03.24"]
[EventType "swiss"]
[EventRounds "9"]
[EventCountry "GER"]
[SourceTitle "EXT 2015"]
[Source "ChessBase"]
[SourceDate "2014.11.20"]
[SourceVersion "1"]
[SourceVersionDate "2014.11.20"]
[SourceQuality "1"]

1. e4 e5 2. Nf3 Nc6 3. Bc4 Bc5 4. Nc3 Nf6 5. 0-0 0-0 6. d3 h6 7. Be3 Bxe3 8. fxe3 d6 9. Qe1 Na5 10. Bb3 Nxb3 11. axb3 a6 12. h3 Nh7 13. Qg3 Ng5 14. Nxg5 hxg5 15. Rf3 c6 16. Raf1 Qe7 17. Qh2 Bd7 18. g4 Rad8 19. Kg2 g6 20. Rh1 Kg7 21. Qg3 Rh8 22. Rhf1 Rdf8 23. R3f2 Rh4 24. Qf3 f6 25. Ne2 d5 26. Ng1 Be6 27. exd5 Bxd5 28. e4 Be6 29. Kg3 f5 30. exf5 gxf5 31. Qe2 f4+ 32. Kh2 Bxg4 33. Qe4 Bf5 34. Qg2 Rfh8 35. d4 e4 36. Rxf4 Rxf4 37. Rxf4 Kg6 38. Rf2 Qd6+ 39. Qg3 Qxd4 40. Rg2 Qf6 41. c3 Rd8 42. h4 g4 43. Nh3 Qd6 44. Nf4+ Kh7 45. Qe3 Qe5 46. Kh1 Rd1+ 47. Rg1 Rxg1+ 48. Kxg1 Qd6 49. Kg2 Qd1 50. b4 Qf3+ 51. Qxf3 exf3+ 52. Kg3 Kg7 53. Kf2 Kf6 54. Nh5+ Ke5 55. Ng3 Bg6 56. Ke3 b6 57. Nf1 Bf7 58. Ng3 1/2-1/2

[Event "Unterfranken-ch HB 59th"]
[Site "Rieneck"]
[Date "2008.03.25"]
[Round "3"]
[White "Klueber, Werner"]
[Black "Schilling, Frank"]
[Result "0-1"]
[WhiteElo "1711"]
[BlackElo "1821"]
[PlyCount "88"]
[EventDate "2008.03.24"]
[EventType "swiss"]
[EventRounds "9"]
[EventCountry "GER"]
[SourceTitle "EXT 2015"]
[Source "ChessBase"]
[SourceDate "2014.11.20"]
[SourceVersion "1"]
[SourceVersionDate "2014.11.20"]
[SourceQuality "1"]

1. d4 Nf6 2. c4 e6 3. Nc3 Bb4 4. Qc2 c5 5. e3 Na6 6. Bd2 b6 7. f3 Bb7 8. Nge2 Rc8 9. Nb5 d5 10. Nxa7 cxd4 11. Nxc8 Bxd2+ 12. Qxd2 dxe3 13. Qxe3 dxc4 14. Rc1 Qxc8 15. Qxb6 0-0 16. Nc3 Nd5 17. Nxd5 exd5 18. Kf2 Re8 19. Be2 Re6 20. Qd4 Nc7 21. a4 Qe8 22. Bd1 Na6 23. Rc3 Nb4 24. Re3 Nd3+ 25. Ke2 Nxb2 26. Rxe6 Qxe6+ 27. Qe3 d4 28. Qxe6 fxe6 29. Kd2 Ba6 30. Re1 Kf7 31. Re4 c3+ 32. Kc1 e5 33. Bb3+ Kf6 34. f4 Nd3+ 35. Kc2 Nxf4 36. Kd1 Nxg2 37. Kc1 Ne3 38. Rh4 h6 39. Rh3 Kf5 40. Rf3+ Ke4 41. Rf7 d3 42. Rxg7 d2+ 43. Kb1 Bd3+ 44. Ka2 c2 0-1